000 00858nam a2200265Ia 4500
003 OSt
005 20220928114850.0
006 a|||||r|||| 00| 0
007 ta
008 220927b |||||||| |||| 00| 0 eng d
020 _c7189.1999999999998
024 _a115774
037 _b251, 06/03/2012, Classic Book Service
_cTextual
040 _aSDCL
_cSDCL
_beng
041 _2eng
_aeng
082 _aNW:(Y15), Q1
100 _aRadner Hilary Ed.
_9441606
245 0 _aFeminism at the movies
_b Understanding gender in contemporary popular cinema.
260 _aNew York
_b Routeldge
_c2011
300 _ax,310p
_ccm.
650 _aEnglish
700 _a Stringer Rebecca Ed.
_9441607
942 _hNW:(Y15), Q1
_cTEXL
_2CC
999 _c756998
_d756998